| 000 | 00513nam a2200193Ia 4500 | ||
|---|---|---|---|
| 005 | 20230215104102.0 | ||
| 008 | 131103s9999 xx 000 0 und d | ||
| 020 |
_a0-7474-1296-5 _cP.B.G7.99 |
||
| 040 | _aLoreto College | ||
| 041 | _aEnglish | ||
| 082 |
_a820.9 _bSIM |
||
| 245 |
_aBloomsbury guide to English literature _cEdited by Eva Simmons |
||
| 260 |
_bBloomsbury _c[19?] |
||
| 300 | _a295p. | ||
| 650 | _aEnglish literature-critism | ||
| 700 | _aSimmons, Eva; ed. | ||
| 850 | _aLCLIB | ||
| 942 | _cBK | ||
| 999 |
_c20886 _d71365 |
||